00678nam a2200193 a 450000100060000000300090000600800410001502000150005604000280007108200170009910000260011624500490014226000610019130000080025249000200026050501150028065000510039565000380044622463CO-ViMGA141112s2004 ck r 000 u spa d a9588205689 aCO-ViMGAbspacCO-ViMGA04a371.26 C373e1 aCerda Gutierrez, Hugo10aLa evaluación en la educación colombiana aBogotá : bUniversidad Cooperativa de Colombia, c2005 a134 aInvestigación aIntroducción 11 - - Tendencias mundiales de la evaluacion 19 - - La evaluacion de la educacon en colombia 3114aEDUCACIóN SUPERIOR - EVALUACIÓN - COLOMBIA14aEVALUACIóN EDUCATIVA - COLOMBIA